Irgendwelche Sachen/Wörter von A-Z 3# - Statistiken

Allgemein
  • Dieses Quiz wurde 109 mal gespielt
  • Das Durchschnittsergebnis liegt bei 21 aus 26
Antwortstatistiken
Bildquiz Hint Antwort % Korrekt
B Baby
100%
C Clown
100%
A Ast
98%
E Edeka
98%
D Drei
96%
H Hupe
92%
L Lastkraftwagen
92%
T Tasche
92%
X Xylophon
92%
I Indien
91%
J ja
91%
Q Queen
91%
W Wasser
91%
Z Zaun
91%
K Kilometer
90%
P Palme
90%
N Netflix
87%
S schneiden
87%
M Minion
86%
R Rumänien
81%
V Veilchen
80%
F Fackel
66%
G Graß
51%
U Ubisoft
47%
Y Yttrium
24%
O olo
2%
Keine übereinstimmenden Quizze gefunden
Verteilung der Resultate
Anzahl Personen mit jedem Resultat
Perzentil nach korrekt beantworteten Fragen
Ihre Resultats-Entwicklung
Sie haben dieses Quiz noch nicht gespielt